|
|
|
|
| LEADER |
00000naa2a2200000 4500 |
| 001 |
403588 |
| 005 |
20231101065935.0 |
| 035 |
|
|
|a (RuTPU)RU\TPU\prd\49971
|
| 090 |
|
|
|a 403588
|
| 100 |
|
|
|a 20070402a2006 k y0rusy50 ca
|
| 101 |
0 |
|
|a rus
|
| 102 |
|
|
|a RU
|
| 200 |
1 |
|
|a Метод термоэлектродвижущей силы
|f А. Н. Никишов, Н. А. Боронин
|
| 225 |
1 |
|
|a Электрический контроль
|
| 320 |
|
|
|a Библиогр.: 2 назв.
|
| 461 |
|
0 |
|0 (RuTPU)RU\TPU\prd\1155
|x 1609-3178
|t В мире неразрушающего контроля
|o Ежеквартальное журнальное обозрение
|d 2001-
|
| 463 |
|
0 |
|0 (RuTPU)RU\TPU\prd\47065
|t № 3
|v С. 61-62
|d 2006
|
| 610 |
1 |
|
|a метод термоэлектродвижущей силы
|
| 610 |
1 |
|
|a металлические материалы
|
| 610 |
1 |
|
|a марки материалов
|
| 610 |
1 |
|
|a контроль
|
| 610 |
1 |
|
|a труднодоступные места
|
| 610 |
1 |
|
|a стоимость
|
| 700 |
|
1 |
|a Никишов
|b А. Н.
|
| 701 |
|
1 |
|a Боронин
|b Н. А.
|
| 801 |
|
1 |
|a RU
|b 63413507
|c 20070402
|g PSBO
|
| 942 |
|
|
|c BK
|